00243cam a22000857a 4500008003600000082001700036245002000053260004600073500003800119180718b xxu||||| |||| 00| 0 eng d aL27x42 Un3va aValue-added tax aLondonbHer Majesty's Stationery Officec aContents : Library has 1971, 1972